| 000 | 01029nam a2200313 i 4500 | ||
|---|---|---|---|
| 001 | 000004324 | ||
| 003 | DO-SdBNP | ||
| 005 | 20260225085413.0 | ||
| 007 | ta | ||
| 008 | 090721s2000 dr a 000 0 spa d | ||
| 020 | _a9993423068 | ||
| 040 |
_aDO-SdBNP _bspa _cBNPHU _erda |
||
| 041 | _aspa | ||
| 049 | _aBNPD | ||
| 082 | 4 |
_a170.44 _bG994p _222 |
|
| 100 | 1 |
_aGuzmán Santana, Francisco, _d1967- _eautor _4aut. _912754 |
|
| 245 | 1 | 0 |
_aPensando por dentro / _cFrancisco Guzmán Santana, Elizabeth Legreaux. |
| 264 | 1 |
_aSanto Domingo : _bAmigo del Hogar, _c2000. |
|
| 300 |
_a97 páginas : _bilustraciones ; _c23 cm. |
||
| 336 |
_atexto _btxt _2rdacontent |
||
| 337 |
_asin mediación _bn _2rdamedia |
||
| 338 |
_avolumen _bnc _2rdacarrier |
||
| 500 | _aIncluye datos biográficos del autor en la contracubierta | ||
| 650 | 7 |
_aConducta de vida _2LEMB _911947 |
|
| 650 | 4 |
_aConsejería filosófica _912755 |
|
| 650 | 7 |
_aPensamiento crítico _2LEMB _99026 |
|
| 700 | 1 |
_aLegreaux, Elizabeth, _eautor _4aut. _912756 |
|
| 942 |
_2ddc _cLBS1 |
||
| 999 |
_c4133 _d4133 |
||